| 000 | 00513cam a2200205ua 4500 | ||
|---|---|---|---|
| 020 | _c3.00 | ||
| 041 |
_aeng _h |
||
| 082 |
_a547.3 _bDEY/SH |
||
| 100 | _aDey, B B . | ||
| 245 |
_aShort laboratory manual of organic chemistry / _cB B Dey. _hTextual Documents |
||
| 250 |
_a4 / _b. |
||
| 260 |
_aMadras : _bCentral Art press , _c1959. |
||
| 300 | _a297 ; . | ||
| 365 | _a3.00 | ||
| 504 | _a | ||
| 700 | 1 | _aGovindhachari, T R . | |
| 700 | 1 | _aSitaraman, M V . | |
| 942 | _cBK | ||
| 999 |
_c9553 _d9553 |
||